| 000 | 01020nam a2200265 a 4500 | ||
|---|---|---|---|
| 001 | BRCA_6732 | ||
| 005 | 20190320205553.0 | ||
| 008 | 100311s1936----nyua######---o000-0#eng-# | ||
| 041 | _aeng | ||
| 044 | _anyu | ||
| 050 | 4 |
_aNK4310 _b.F76 5 1936 |
|
| 100 | 1 |
_aFrothingham, Alice Wilson _916812 |
|
| 245 | 1 | 0 |
_aCatalogue of Hispano-Moresque pottery in the collection of the Hispanic Society of America _cby Alice Wilson Frothingham. |
| 260 |
_aNueva York _bOrder of the Trustees _c1936 |
||
| 300 |
_alxxxii, xlviii, 291 p. _bil., 48 láminas _c20 cm. |
||
| 440 | 0 |
_aHispanic notes & monographs: essays, studies, and brief biographies issued by the Hispanic Society of America _pCatalogue series _914712 |
|
| 500 | _aIncluye índice alfabético | ||
| 500 | _aEjemplar igual a CEF43, M62, M66 y N19-N20 | ||
| 500 | _a31-55 (3155) | ||
| 504 | _aBibliografía: p. 258-270 | ||
| 610 | 2 | 4 |
_aHispanic Society of America _916813 |
| 650 | 1 | 4 |
_aCerámica hispano-morisca _vCatálogos _914714 |
| 902 | _aGFM | ||
| 942 |
_2lcc _cB |
||
| 999 |
_c6415 _d6415 |
||